A caregiver's guide to communication problems from brain Injury or disease (Registro nro. 325179)

Detalles MARC
000 -ENCABEZADO
Número de control [NR] 01197nam a22002777a 4500
005 - FECHA Y HORA DE LA ÚLTIMA TRANSACCIÓN
control field 20250213153155.0
008 - DE LONGITUD FIJA DE DATOS DE ELEMENTOS - INFORMACIÓN GENERAL
Elementos de longitud fija [NR] 250213b ||||| |||| 00| 0 eng d
020 ## - NUMERO INTERNACIONAL NORMALIZADO PARA LIBROS [R]
Número Internacional Normalizado del libro [NR] 9781421442549
020 ## - NUMERO INTERNACIONAL NORMALIZADO PARA LIBROS [R]
Número Internacional Normalizado del libro [NR] 9781421442556
020 ## - NUMERO INTERNACIONAL NORMALIZADO PARA LIBROS [R]
Número Internacional Normalizado del libro [NR] 9781421442563
040 ## - FUENTE DE CATALOGACION [NR]
Agencia de catalogación original [NR] CO-BoUCM
Quien Cataloga David Moreno
Quien Clasifica David Moreno
041 ## - CODIGO DE IDIOMA [R]
Código de idioma para texto/pista de sonido o título separado [R] Inglés
060 ## - SIGNATURA TOPOGRAFICA DE LA BIBLIOTECA NACIONAL DE MEDICINA (NLM) [R]
Número clasificador [R] WL 340
245 02 - MENCION DE TITULO [NR]
Título [NR] A caregiver's guide to communication problems from brain Injury or disease
Mención de responsabilidad, etc. [NR] Barbara O'Connor Wells and Connie K. Porcaro
250 ## - MENCION DE EDICION [NR]
Mención de edición [NR] 1a. Ed
260 ## - PUBLICACION, DISTRIBUCION, ETC. (PIE DE IMPRENTA) [R]
Lugar de publicación, distribución, etc. [R] Baltimore, Maryland
Nombre del editor, distribuidor, etc. [R] Johns Hopkins University Press
Fecha de publicación, distribución, etc. [R] 2022
300 ## - DESCRIPCION FISICA [R]
Extensión [R] xiii, 236 Paginas
Otros detalles físicos [NR] ilustraciones
490 0# - MENCION DE SERIE [R]
Mención de serie [R] A johns hopkins press health book
504 ## - NOTA DE BIBLIOGRAFIA, ETC. [R]
Nota de bibliografía, etc. [NR] Incluye referencias bibliográficas e índices
650 14 - ASIENTO SECUNDARIO DE MATERIA - TERMINO TEMATICO [R]
Término temático o nombre geográfico como elemento de entrada [NR] Personas con discapacidad mental
Subdivisión general [R] Enfermedades neurológicas
-- Lesiones cerebrales
-- Rehabilitación del lenguaje
9 (RLIN) 184387
650 14 - ASIENTO SECUNDARIO DE MATERIA - TERMINO TEMATICO [R]
Término temático o nombre geográfico como elemento de entrada [NR] Cerebro
Subdivisión general [R] Enfermedades
-- Pacientes
-- Cuidados
9 (RLIN) 184388
650 14 - ASIENTO SECUNDARIO DE MATERIA - TERMINO TEMATICO [R]
Término temático o nombre geográfico como elemento de entrada [NR] Cerebro
Subdivisión de forma [R] Manuales, etc.
-- Guía para cuidadores
Subdivisión general [R] Enfermedades
9 (RLIN) 184389
700 1# - ASIENTO SECUNDARIO - NOMBRE PERSONAL [R]
Nombre personal [NR] O'Connor Wells, Barbara
Fechas asociadas con el nombre [NR] 1972-
Término de relación [R] editor
9 (RLIN) 184390
700 1# - ASIENTO SECUNDARIO - NOMBRE PERSONAL [R]
Nombre personal [NR] Porcaro, Connie K.
Fechas asociadas con el nombre [NR] 1964-
Término de relación [R] editor
9 (RLIN) 184391
942 ## - ELEMENTOS DE ENTRADA AGREGADOS (KOHA)
Sistema de clasificación NLM
Tema principal Medicina
Tipo de ítem principal el descrito en 300a Libro
Edición 1
Clasificación WL 340
Parte restante de la signatura top. O999c
Título oculto en OPAC No
Existencias
Total préstamos Signatura topográfica Código de barras Última vez visto Ejemplar Price effective from Tipo de ítem Perdido Sistema de clasificación Dañado No prestable Tipo de ítem específico Suprimido Ubicación habitual Ubicación actual Localización Fecha de creación Forma de adquisición Costo
  WL 340 O999c 100173655 11/12/2025 Ej.1 13/02/2025 Libro   NLM     Libro   Quinta de Mutis Quinta de Mutis 2do piso 13/02/2025 Compra 97416.00